[Event "Chigorin Memorial"]
[Site "St Petersburg"]
[Date "2015.10.07"]
[Round "5.50"]
[White "Pogorelskikh, Sergey"]
[Black "Kozionov, Kirill"]
[Result "0-1"]
[WhiteElo "2272"]
[BlackElo "2409"]
[PlyCount "110"]
[EventDate "2015.10.03"]
[EventRounds "9"]
[EventCountry "RUS"]

1. e4 d5 2. exd5 Qxd5 3. Nc3 Qd6 4. d4 Nf6 5. Nf3 g6 6. Bc4 Bg7 7. O-O O-O 8.
Qe2 a6 9. Bg5 b5 10. Bxf6 exf6 11. Bb3 Nc6 12. Rad1 f5 13. Rfe1 Bb7 14. d5 Na5
15. Rd3 Rad8 16. Red1 Qb6 17. d6 Nxb3 18. axb3 Rxd6 19. Rxd6 cxd6 20. Nd5 Bxd5
21. Rxd5 Bxb2 22. c4 Bf6 23. cxb5 axb5 24. Qxb5 Rb8 25. Qxb6 Rxb6 26. Rd3 Kf8
27. Nd2 Ke7 28. f4 Rb5 29. Kf2 d5 30. Ke2 Kd6 31. Re3 Rb8 32. Kd3 Kc5 33. Re1
h5 34. Rc1+ Kb6 35. Rc2 Ra8 36. Rc1 h4 37. Rb1 Rc8 38. Rf1 Rc3+ 39. Ke2 h3 40.
g3 Bd4 41. Rf3 Rc1 42. Rf1 Rc7 43. Kd3 Bf6 44. Ke2 Rc2 45. Kd3 Rc3+ 46. Ke2 Kc5
47. Ra1 Rxg3 48. Ra5+ Kd6 49. Ra6+ Ke7 50. Ra7+ Kf8 51. Ra8+ Kg7 52. Nf3 Rg2+
53. Ke3 d4+ 54. Nxd4 Rxh2 55. Ne2 Rxe2+ 0-1

[Event "Chigorin Memorial"]
[Site "St Petersburg"]
[Date "2015.10.07"]
[Round "5.51"]
[White "Petrov, Dmitri"]
[Black "Slavin, Alexey"]
[Result "0-1"]
[WhiteElo "2245"]
[BlackElo "2401"]
[PlyCount "54"]
[EventDate "2015.10.03"]
[EventRounds "9"]
[EventCountry "RUS"]

1. e4 e5 2. Nf3 Nc6 3. Nc3 Bc5 4. Nxe5 Nxe5 5. d4 Bd6 6. dxe5 Bxe5 7. Bc4 d6 8.
O-O Be6 9. Nd5 c6 10. f4 Bf6 11. Ne3 Ne7 12. Be2 Bc8 13. Qd3 O-O 14. Rd1 Ng6
15. g3 Re8 16. Bf3 Qb6 17. Qxd6 Bxb2 18. Rb1 Bxc1 19. Rxb6 Bxe3+ 20. Kg2 Bxb6
21. h4 Nf8 22. f5 Nd7 23. g4 Ne5 24. Be2 Bd7 25. Qb4 c5 26. Qc3 Bc6 27. Qe3
Nxg4 0-1

[Event "Chigorin Memorial"]
[Site "St Petersburg"]
[Date "2015.10.07"]
[Round "5.52"]
[White "Litvinov, Maxim"]
[Black "Vunder, Andrey"]
[Result "1/2-1/2"]
[WhiteElo "2397"]
[BlackElo "2192"]
[PlyCount "86"]
[EventDate "2015.10.03"]
[EventRounds "9"]
[EventCountry "RUS"]

1. e4 c6 2. Nf3 d5 3. Nc3 Bg4 4. h3 Bh5 5. exd5 cxd5 6. Bb5+ Nc6 7. g4 Bg6 8.
Ne5 Rc8 9. d4 e6 10. Qe2 Bb4 11. h4 Nge7 12. h5 Be4 13. f3 O-O 14. Bxc6 Nxc6
15. Nxc6 Rxc6 16. Kf2 Bxc3 17. bxc3 Rxc3 18. fxe4 Qc7 19. e5 f6 20. Bd2 fxe5+
21. Kg2 Rcf3 22. Qxf3 Rxf3 23. Kxf3 e4+ 24. Kf2 Qf7+ 25. Kg1 Qf3 26. Rh2 e3 27.
Be1 Qxg4+ 28. Rg2 Qxd4 29. c3 Qd3 30. h6 g6 31. a4 e2 32. Kf2 d4 33. Rg3 Qe4
34. Bd2 d3 35. Rag1 e5 36. Rg5 Qh4+ 37. Ke3 e4 38. Kd4 Qf2+ 39. Kxe4 e1=Q+ 40.
Bxe1 Qe2+ 41. Kd4 d2 42. Bxd2 Qxd2+ 43. Kc4 Qa2+ 1/2-1/2

[Event "Chigorin Memorial"]
[Site "St Petersburg"]
[Date "2015.10.07"]
[Round "5.53"]
[White "Duzhakov, Ilya"]
[Black "Baraeva, Marina"]
[Result "1-0"]
[WhiteElo "2381"]
[BlackElo "2189"]
[PlyCount "81"]
[EventDate "2015.10.03"]
[EventRounds "9"]
[EventCountry "RUS"]

1. e4 e6 2. d4 d5 3. Nd2 c5 4. exd5 Qxd5 5. Ngf3 cxd4 6. Bc4 Qd6 7. O-O Nf6 8.
Nb3 Nc6 9. Nbxd4 Nxd4 10. Nxd4 a6 11. Re1 Qc7 12. Bb3 Bd6 13. h3 O-O 14. Bg5
Be5 15. c3 h6 16. Bh4 Ne8 17. Qf3 Bf6 18. Bg3 Qb6 19. Rad1 Bd7 20. Bf4 Kh8 21.
Qe3 g5 22. Be5 Rc8 23. Bc2 Bxe5 24. Qxe5+ Kg8 25. Rd2 Rc5 26. Qe3 Nf6 27. Nb3
Rb5 28. Qf3 Kg7 29. c4 g4 30. Qc3 Rxb3 31. axb3 Bc6 32. hxg4 Rd8 33. Rxd8 Qxd8
34. f3 Qe7 35. Qe5 Kf8 36. Rd1 Kg8 37. Qe3 Kg7 38. g5 Ng8 39. Qe5+ Kf8 40. gxh6
Nxh6 41. Qh8+ 1-0

[Event "Chigorin Memorial"]
[Site "St Petersburg"]
[Date "2015.10.07"]
[Round "5.54"]
[White "Rodin, Dmitrij"]
[Black "Zherebtsova, Alexandra"]
[Result "1-0"]
[WhiteElo "2378"]
[BlackElo "2181"]
[PlyCount "71"]
[EventDate "2015.10.03"]
[EventRounds "9"]
[EventCountry "RUS"]

1. e4 e5 2. Nf3 Nc6 3. Bb5 a6 4. Ba4 Nf6 5. O-O Be7 6. Re1 b5 7. Bb3 O-O 8. c3
d6 9. h3 Bb7 10. d4 Re8 11. Nbd2 Bf8 12. d5 Nb8 13. Nf1 Nbd7 14. Ng3 Nc5 15.
Bc2 g6 16. Nh2 c6 17. b4 Ncd7 18. dxc6 Bxc6 19. Ng4 Nxg4 20. Qxg4 Bg7 21. Bb3
Nf8 22. Bg5 Qc8 23. Rad1 Bd7 24. Qf3 Ne6 25. Bf6 Bf8 26. Nf5 gxf5 27. exf5 Ng7
28. Bxg7 Bxg7 29. f6 Bh8 30. Qh5 Re6 31. Qg5+ Kf8 32. Bxe6 Bxe6 33. Rxd6 Qxc3
34. Red1 Qc7 35. Qxe5 Ke8 36. Rxe6+ 1-0

[Event "Chigorin Memorial"]
[Site "St Petersburg"]
[Date "2015.10.07"]
[Round "5.55"]
[White "Kuzmin, Egor"]
[Black "Palachev, Petr"]
[Result "0-1"]
[WhiteElo "2232"]
[BlackElo "2373"]
[PlyCount "122"]
[EventDate "2015.10.03"]
[EventRounds "9"]
[EventCountry "RUS"]

1. Nf3 d5 2. c4 c6 3. e3 Nf6 4. b3 Bf5 5. Bb2 e6 6. Be2 h6 7. O-O Nbd7 8. d4
Bd6 9. Nbd2 Qb8 10. a3 a5 11. h3 O-O 12. c5 Bc7 13. b4 axb4 14. axb4 b5 15.
Rxa8 Qxa8 16. Qb3 Qb7 17. Ra1 Ra8 18. Rxa8+ Qxa8 19. Qa3 Qxa3 20. Bxa3 Ne4 21.
Bb2 Nxd2 22. Nxd2 Bc2 23. Bc3 Kf8 24. Bf3 Ke7 25. Be2 g6 26. Bb2 f6 27. Bc3 e5
28. g3 e4 29. g4 Nf8 30. Nf1 Ne6 31. Ng3 Bd3 32. Bxd3 Bxg3 33. Be2 Bh4 34. Kg2
f5 35. gxf5 gxf5 36. Bh5 Ng7 37. Bd1 Kf6 38. Bd2 h5 39. Be2 Bg5 40. f4 exf3+
41. Bxf3 Kg6 42. Kf2 Ne6 43. Ke2 Bh4 44. Bg2 Ng5 45. Be1 Bxe1 46. Kxe1 Ne6 47.
h4 Nc7 48. Kd2 Ne8 49. Bf3 Nf6 50. Ke2 Nd7 51. Kd2 Nf8 52. Bg2 Kg7 53. Bf3 Kh6
54. Bg2 Ng6 55. Bh3 Nxh4 56. e4 fxe4 57. Bd7 Nf3+ 58. Ke3 h4 59. Bxc6 h3 60.
Kf2 e3+ 61. Kxe3 h2 0-1

[Event "Chigorin Memorial"]
[Site "St Petersburg"]
[Date "2015.10.07"]
[Round "5.56"]
[White "Gorbatov, Alexej"]
[Black "Shubin, Kirill"]
[Result "1-0"]
[WhiteElo "2368"]
[BlackElo "2176"]
[PlyCount "93"]
[EventDate "2015.10.03"]
[EventRounds "9"]
[EventCountry "RUS"]

1. Nf3 Nf6 2. g3 b5 3. Bg2 Bb7 4. O-O e6 5. b3 Be7 6. Bb2 O-O 7. c4 bxc4 8.
bxc4 c5 9. Qc2 Nc6 10. a3 d5 11. cxd5 exd5 12. d3 Rc8 13. Nbd2 Bd6 14. Rab1 Rc7
15. Qa4 Ba8 16. e3 Nd7 17. Rfc1 Nce5 18. Nxe5 Bxe5 19. d4 Nb6 20. Qd1 cxd4 21.
Nf3 Rxc1 22. Rxc1 Bf6 23. Bxd4 Bxd4 24. Qxd4 Qe7 25. Qc5 Qd7 26. Ne5 Qf5 27.
Qe7 a5 28. g4 Qe6 29. Qxe6 fxe6 30. g5 Re8 31. Rc2 a4 32. Bh3 Kf8 33. Rc7 Kg8
34. Ra7 Kf8 35. f4 Nc4 36. Nd7+ Kg8 37. Nc5 Nxe3 38. Bxe6+ Kh8 39. Rxa4 Bc6 40.
Ra6 Bb5 41. Rb6 Bc4 42. a4 Rd8 43. Kf2 d4 44. Bxc4 Nxc4 45. Rb4 Ne3 46. Ne6 Nc2
47. Rc4 1-0

[Event "Chigorin Memorial"]
[Site "St Petersburg"]
[Date "2015.10.07"]
[Round "5.57"]
[White "Atabayev, Saparmyrat"]
[Black "Borisovsky, Dmitry"]
[Result "1-0"]
[WhiteElo "2368"]
[BlackElo "2169"]
[PlyCount "97"]
[EventDate "2015.10.03"]
[EventRounds "9"]
[EventCountry "RUS"]

1. e4 c5 2. Nf3 d6 3. Nc3 a6 4. d4 cxd4 5. Nxd4 Nf6 6. Be2 e5 7. Nb3 Be7 8. O-O
O-O 9. Re1 Be6 10. Bf3 Nc6 11. Nd5 Bxd5 12. exd5 Nb8 13. c4 Nbd7 14. Bd2 Ne8
15. g3 f5 16. Bg2 Bg5 17. Bc3 Rc8 18. Na5 Qc7 19. b4 e4 20. f4 Bf6 21. Bxf6
Nexf6 22. Qd4 b6 23. Nc6 Nb8 24. b5 a5 25. h3 h5 26. Qd1 Rfe8 27. g4 hxg4 28.
hxg4 fxg4 29. Qd4 Qf7 30. Qxb6 Nbd7 31. Qe3 Nc5 32. b6 Nh5 33. f5 Qf6 34. Rab1
Qh4 35. b7 Rb8 36. Nxb8 Rxb8 37. Bxe4 g3 38. Bg2 Nf4 39. Qf3 Nxg2 40. Kxg2 Qh2+
41. Kf1 Qxa2 42. f6 Qxc4+ 43. Kg2 Qc2+ 44. Kxg3 Qg6+ 45. Kh2 Qh6+ 46. Kg2 Qg5+
47. Kf1 gxf6 48. Re7 Qg6 49. Qg2 1-0

[Event "Chigorin Memorial"]
[Site "St Petersburg"]
[Date "2015.10.07"]
[Round "5.58"]
[White "Orlov, Konstantin"]
[Black "Gubajdullin, Alexei"]
[Result "1-0"]
[WhiteElo "2222"]
[BlackElo "2359"]
[PlyCount "67"]
[EventDate "2015.10.03"]
[EventRounds "9"]
[EventCountry "RUS"]

1. d4 e6 2. c4 b6 3. Nf3 Bb7 4. g3 Bxf3 5. exf3 d5 6. cxd5 exd5 7. Bb5+ c6 8.
Bd3 Be7 9. O-O Bf6 10. Bf4 Ne7 11. Re1 O-O 12. g4 Ng6 13. Bxg6 fxg6 14. Nc3 c5
15. Bxb8 Rxb8 16. dxc5 Bxc3 17. bxc3 bxc5 18. Re5 d4 19. cxd4 cxd4 20. Qd3 Rf4
21. Rae1 Qf8 22. Kg2 Qf7 23. R1e4 Rxe4 24. Qxe4 Rd8 25. Re7 Qf8 26. Qe6+ Kh8
27. Rf7 Qg8 28. Qe7 Ra8 29. Qb7 Rd8 30. Qc7 Ra8 31. Rd7 h6 32. a4 Rf8 33. Qd6
Rf6 34. Qxd4 {unreadable} 1-0

[Event "Chigorin Memorial"]
[Site "St Petersburg"]
[Date "2015.10.07"]
[Round "5.59"]
[White "Shevchenko, Kirill"]
[Black "Derli, Olga"]
[Result "1-0"]
[WhiteElo "2359"]
[BlackElo "2131"]
[PlyCount "75"]
[EventDate "2015.10.03"]
[EventRounds "9"]
[EventCountry "RUS"]

1. e4 e6 2. d4 d5 3. Nc3 Bb4 4. e5 c5 5. a3 Bxc3+ 6. bxc3 Ne7 7. Qg4 Qc7 8. Bd3
c4 9. Be2 Nf5 10. Bd1 Bd7 11. Ne2 h5 12. Qg5 Qd8 13. Qxd8+ Kxd8 14. Bg5+ Kc7
15. h4 Ba4 16. Nf4 g6 17. f3 Nd7 18. Rh3 a5 19. Kd2 Ra6 20. Rb1 b5 21. g4 Ng7
22. Be2 Ne8 23. Be7 Nb8 24. gxh5 gxh5 25. Rg3 Nc6 26. Bc5 b4 27. axb4 axb4 28.
Bxb4 Nxb4 29. Rxb4 Bd7 30. Rb1 f6 31. exf6 Nxf6 32. Rg7 Ne8 33. Rg5 Rf8 34. Ng6
Rf5 35. Rxf5 exf5 36. Nf4 Nf6 37. Rg1 Kd6 38. Rg6 1-0

[Event "Chigorin Memorial"]
[Site "St Petersburg"]
[Date "2015.10.07"]
[Round "5.60"]
[White "Bivol, Alina"]
[Black "Khusenkhojaev, Mustafokhuja"]
[Result "1/2-1/2"]
[WhiteElo "2350"]
[BlackElo "2092"]
[PlyCount "69"]
[EventDate "2015.10.03"]
[EventRounds "9"]
[EventCountry "RUS"]

1. e4 e5 2. Nc3 Nc6 3. g3 Nf6 4. Bg2 Bc5 5. d3 d6 6. Na4 Be6 7. Nf3 h6 8. O-O
O-O 9. h3 Qd7 10. Kh2 Rfd8 11. c3 Bb6 12. d4 d5 13. Nxb6 axb6 14. exd5 Bxd5 15.
dxe5 Bxa2 16. Qe2 Qe6 17. Qe1 Nd7 18. Nd4 Qc4 19. f4 Nc5 20. Be3 Nxd4 21. cxd4
Nb3 22. Rd1 Nxd4 23. Bxd4 Rxd4 24. Rc1 Qb5 25. Rxc7 Rad8 26. Rf2 Bd5 27. Qe2
Qa5 28. Rc3 Bxg2 29. Kxg2 Rd1 30. Ra3 Qc5 31. Rc3 Qa5 32. Ra3 Qc5 33. Rc3 Qa5
34. Ra3 Qc5 35. Rc3 1/2-1/2

[Event "Chigorin Memorial"]
[Site "St Petersburg"]
[Date "2015.10.07"]
[Round "5.61"]
[White "Derakhshani, Borna"]
[Black "Karasev, Vladimir I"]
[Result "0-1"]
[WhiteElo "2186"]
[BlackElo "2341"]
[PlyCount "94"]
[EventDate "2015.10.03"]
[EventRounds "9"]
[EventCountry "RUS"]

1. e4 c5 2. Nf3 e6 3. d4 cxd4 4. Nxd4 Qb6 5. Nb3 Qc7 6. Nc3 a6 7. Be3 b5 8. f4
Bb7 9. Bd3 Nf6 10. O-O d6 11. Bd4 Nbd7 12. Qe1 b4 13. Ne2 e5 14. Be3 Ng4 15.
Bd2 a5 16. Qh4 Qb6+ 17. Kh1 h5 18. h3 Be7 19. Qe1 a4 20. Nbc1 Nc5 21. Ng1 exf4
22. Bxf4 Ne5 23. Bxe5 dxe5 24. Qf2 Qe6 25. Qe2 O-O 26. Nf3 Nxd3 27. Nxd3 Ra5
28. Nd2 Rc8 29. Qxh5 Rxc2 30. Qd1 Rc8 31. Rf3 Rd8 32. Qe1 Bg5 33. Nf1 Rd4 34.
Ng3 g6 35. Rd1 Qd6 36. Nf2 Rc5 37. Rfd3 Rc2 38. Ne2 Rxd3 39. Rxd3 Qc7 40. b3
Ba6 41. Ng1 Rxf2 42. Qxf2 Bxd3 43. Qg3 Qc1 44. Qxd3 Be3 45. Qd8+ Kg7 46. Kh2
Bxg1+ 47. Kg3 Qf4# 0-1

[Event "Chigorin Memorial"]
[Site "St Petersburg"]
[Date "2015.10.07"]
[Round "5.62"]
[White "Salman, Pavel"]
[Black "Nigmatov, Ortik"]
[Result "1-0"]
[WhiteElo "2183"]
[BlackElo "2330"]
[PlyCount "73"]
[EventDate "2015.10.03"]
[EventRounds "9"]
[EventCountry "RUS"]

1. d4 Nf6 2. c4 g6 3. Nc3 Bg7 4. e4 d6 5. Nf3 O-O 6. Be2 e5 7. O-O Nc6 8. d5
Ne7 9. Ne1 Nd7 10. Nd3 f5 11. Bd2 Nf6 12. f3 f4 13. c5 g5 14. cxd6 cxd6 15. Nf2
Ng6 16. Qc2 Rf7 17. Rfc1 a6 18. a4 h5 19. h3 Nh4 20. Ra3 Bf8 21. a5 g4 22. fxg4
hxg4 23. hxg4 Rg7 24. Qd1 b5 25. axb6 Qxb6 26. Na4 Qa7 27. Kf1 Bd7 28. Ba5 Bb5
29. Bxb5 axb5 30. Nb6 Rb8 31. Rc6 Qf7 32. Rh3 Rh7 33. Nc8 Ne8 34. g5 f3 35.
gxf3 Ng6 36. Rg3 Rh4 37. Ng4 1-0

[Event "Chigorin Memorial"]
[Site "St Petersburg"]
[Date "2015.10.07"]
[Round "5.63"]
[White "Nechaev, Oleg"]
[Black "Nasibullin, Iskander"]
[Result "1-0"]
[WhiteElo "2330"]
[BlackElo "2075"]
[PlyCount "121"]
[EventDate "2015.10.03"]
[EventRounds "9"]
[EventCountry "RUS"]

1. Nf3 d5 2. g3 e6 3. Bg2 c5 4. c4 Nf6 5. O-O Nc6 6. d4 Be7 7. dxc5 Bxc5 8. a3
a6 9. b4 Be7 10. Nbd2 O-O 11. Bb2 Qb6 12. Qc2 Rd8 13. Rfd1 Ng4 14. e3 Bf6 15.
Rac1 Bd7 16. cxd5 exd5 17. Nb3 Be6 18. Nc5 Rac8 19. Bxf6 Nxf6 20. Nd4 Bg4 21.
Rd2 Ne5 22. h3 Bh5 23. f4 Nc4 24. Rd3 h6 25. Rc3 Re8 26. Qf2 Rcd8 27. e4 Nd6
28. exd5 Nde4 29. Nxe4 Nxe4 30. Bxe4 Rxe4 31. Rc5 Qf6 32. Nf3 Bxf3 33. Qxf3
Qd4+ 34. Qf2 Qxf2+ 35. Kxf2 Rd4 36. Ke3 R4xd5 37. Rxd5 Rxd5 38. Rc8+ Kh7 39.
Rc7 Rb5 40. Kd4 Kg6 41. Kc4 Rh5 42. h4 b5+ 43. Kd4 Rf5 44. Rc6+ Kh5 45. Rxa6
Kg4 46. a4 bxa4 47. Ra5 Rf6 48. b5 Kxg3 49. Kc5 Kxh4 50. Rxa4 Kg4 51. b6 Rxb6
52. Kxb6 f5 53. Kc5 h5 54. Kd5 h4 55. Ke5 h3 56. Ra7 g6 57. Rg7 Kh5 58. Rh7+
Kg4 59. Rh6 g5 60. Rg6 h2 61. Rxg5+ 1-0

[Event "Chigorin Memorial"]
[Site "St Petersburg"]
[Date "2015.10.07"]
[Round "5.64"]
[White "Reshetnikov, Ruslan"]
[Black "Sichinava, Zviad"]
[Result "0-1"]
[WhiteElo "2178"]
[BlackElo "2329"]
[PlyCount "92"]
[EventDate "2015.10.03"]
[EventRounds "9"]
[EventCountry "RUS"]

1. d4 Nf6 2. Nf3 e6 3. c4 Bb4+ 4. Bd2 Qe7 5. g3 O-O 6. Bg2 d5 7. O-O dxc4 8.
Qc2 Bxd2 9. Nbxd2 b5 10. a4 c6 11. e4 Na6 12. e5 Nd5 13. Ne4 h6 14. Qe2 Nab4
15. h4 a5 16. Nh2 Nd3 17. Qh5 Kh8 18. Rad1 Bd7 19. axb5 Be8 20. Nf6 Nxf6 21.
exf6 Qxf6 22. bxc6 Qxd4 23. Qb5 f5 24. b3 Bh5 25. Nf3 Bxf3 26. Bxf3 e5 27. Bd5
Qg4 28. Qxc4 e4 29. Rxd3 exd3 30. Qxg4 fxg4 31. Rd1 Rfd8 32. Be6 Rd6 33. Bxg4
Ra7 34. Bd7 d2 35. Kf1 Rd3 36. Be6 Rc7 37. Bc4 Rd6 38. Bb5 Kg8 39. Kg2 Kf7 40.
Kf3 Ke8 41. Ke2 Re7+ 42. Kf1 Kd8 43. Ba4 Kc7 44. f4 Kb6 45. Kf2 Rd3 46. Kf1
Re1+ 0-1

[Event "Chigorin Memorial"]
[Site "St Petersburg"]
[Date "2015.10.07"]
[Round "5.65"]
[White "Pimenov, Valeri"]
[Black "Sedina, Elena"]
[Result "0-1"]
[WhiteElo "2171"]
[BlackElo "2322"]
[PlyCount "130"]
[EventDate "2015.10.03"]
[EventRounds "9"]
[EventCountry "RUS"]

1. e4 e6 2. d4 d5 3. exd5 exd5 4. c4 Nf6 5. Nc3 Bd6 6. Bd3 dxc4 7. Bxc4 O-O 8.
Bg5 Nc6 9. Nge2 h6 10. Bh4 Bf5 11. a3 a6 12. f3 Be7 13. Bf2 Qd7 14. O-O Rad8
15. Ba2 Be6 16. Bb1 Bf5 17. Ne4 Rfe8 18. Qb3 Na5 19. Qd3 Bxe4 20. fxe4 Qb5 21.
Qf3 Nc4 22. Bd3 Ne5 23. Bxb5 Nxf3+ 24. gxf3 axb5 25. Rac1 c6 26. Rfd1 Rd7 27.
Nf4 Nxe4 28. fxe4 Bg5 29. Nd3 Bxc1 30. Rxc1 Rxe4 31. Kg2 Rde7 32. Kf3 R4e6 33.
Re1 Rxe1 34. Bxe1 f6 35. Bb4 Rd7 36. Ke4 Rd5 37. Nf4 f5+ 38. Ke3 Rd8 39. Ng6
Kf7 40. Ne5+ Ke6 41. h4 g5 42. h5 Kf6 43. Bc5 Rg8 44. Ng6 Re8+ 45. Ne5 Ke6 46.
Kf3 Rd8 47. Bb6 Re8 48. Bc5 Rb8 49. Bb4 Rd8 50. Bc3 Re8 51. Ba5 c5 52. Nd3 cxd4
53. Nc5+ Kd5 54. Nxb7 Re3+ 55. Kf2 Rh3 56. Bb4 Rxh5 57. Nd6 Rh2+ 58. Kf3 f4 59.
Nxb5 Rxb2 60. Nc7+ Kc4 61. Ne8 Rb3+ 62. Kf2 g4 63. Nf6 Rb2+ 64. Kf1 g3 65. Ng4
f3 0-1

[Event "Chigorin Memorial"]
[Site "St Petersburg"]
[Date "2015.10.07"]
[Round "5.66"]
[White "Timerkhanov, Alexander"]
[Black "Tersinsev, Andrey"]
[Result "0-1"]
[WhiteElo "2321"]
[BlackElo "2023"]
[PlyCount "110"]
[EventDate "2015.10.03"]
[EventRounds "9"]
[EventCountry "RUS"]

1. d4 Nf6 2. Bg5 Ne4 3. Bf4 d5 4. e3 Bf5 5. Bd3 e6 6. f3 Nd6 7. Nc3 Bxd3 8.
Qxd3 Nc4 9. b3 Nb6 10. Nge2 Bd6 11. O-O O-O 12. e4 Bxf4 13. Nxf4 Qd6 14. e5 Qe7
15. Nce2 c5 16. c3 Nc6 17. Nh5 Rac8 18. f4 Qh4 19. Qf3 Nd7 20. g3 Qh3 21. f5
Qxf5 22. Qxf5 exf5 23. Rxf5 cxd4 24. cxd4 g6 25. Nf6+ Nxf6 26. Rxf6 Nb4 27. a3
Nc2 28. Ra2 Rfd8 29. Kf2 Kf8 30. Rf3 b5 31. g4 Ke7 32. g5 h5 33. gxh6 Rh8 34.
Rh3 g5 35. Kf3 f6 36. h7 Kf7 37. Kg4 fxe5 38. dxe5 Kg6 39. e6 d4 40. Rd3 Rxh7
41. Kg3 Rch8 42. Ng1 Rxh2 43. e7 Kf7 44. Nf3 Re2 45. a4 b4 46. Rd2 Rxd2 47.
Nxd2 d3 48. Rb2 Re8 49. Rb1 Rxe7 50. Rf1+ Kg6 51. Nf3 Re2 52. Rd1 Ne3 53. Ne5+
Kf6 54. Rxd3 Kxe5 55. Kf3 Re1 0-1

[Event "Chigorin Memorial"]
[Site "St Petersburg"]
[Date "2015.10.07"]
[Round "5.67"]
[White "Danielyan, Vahe"]
[Black "Samdanov, Samdan"]
[Result "1-0"]
[WhiteElo "2151"]
[BlackElo "2315"]
[PlyCount "63"]
[EventDate "2015.10.03"]
[EventRounds "9"]
[EventCountry "RUS"]

1. e4 e5 2. Nf3 Nc6 3. Bb5 Nf6 4. d3 Bc5 5. Nc3 a6 6. Bxc6 dxc6 7. Nxe5 Bxf2+
8. Kxf2 Qd4+ 9. Be3 Qxe5 10. h3 O-O 11. Rf1 Be6 12. Qf3 c5 13. Kg1 Rfd8 14. Qf2
c4 15. d4 Qh5 16. d5 Bc8 17. Qg3 Ne8 18. a4 a5 19. e5 Ra6 20. Qf3 Qxf3 21. Rxf3
c6 22. d6 f6 23. Raf1 Kf7 24. Ne4 Kg6 25. exf6 gxf6 26. Rg3+ Kf7 27. Bg5 Ke6
28. Nxf6 Nxf6 29. Rxf6+ Kd5 30. Rf2 Rxd6 31. Rd2+ Ke6 32. Re3+ 1-0

[Event "Chigorin Memorial"]
[Site "St Petersburg"]
[Date "2015.10.07"]
[Round "5.68"]
[White "Azimov, Ilyas"]
[Black "Palchun, Grigory"]
[Result "0-1"]
[WhiteElo "2140"]
[BlackElo "2315"]
[PlyCount "92"]
[EventDate "2015.10.03"]
[EventRounds "9"]
[EventCountry "RUS"]

1. e4 c5 2. Nf3 Nc6 3. d4 cxd4 4. Nxd4 Qb6 5. Nb3 Nf6 6. Nc3 e6 7. Qe2 Bb4 8.
Bd2 O-O 9. a3 Be7 10. O-O-O Qc7 11. g4 d6 12. h4 a6 13. g5 Nd7 14. f4 Nc5 15.
Be3 b5 16. h5 b4 17. axb4 Nxb4 18. Nxc5 dxc5 19. Bh3 Rb8 20. f5 exf5 21. exf5
Qe5 22. Kb1 Bxf5 23. Bxf5 Qxf5 24. g6 Bf6 25. Rhf1 Qe5 26. gxf7+ Rxf7 27. Bf4
Qxe2 28. Nxe2 Re8 29. Nc1 Rb7 30. c3 Nc6 31. Kc2 c4 32. Rd5 Rb5 33. Rxb5 axb5
34. b3 Re4 35. Bd2 Rh4 36. h6 Rh2 37. Kd1 b4 38. hxg7 bxc3 39. Ne2 Bxg7 40.
Bxc3 Bxc3 41. Nxc3 cxb3 42. Rf6 Ne5 43. Rf5 Nc4 44. Rb5 b2 45. Rb3 Rd2+ 46. Ke1
Rc2 0-1

[Event "Chigorin Memorial"]
[Site "St Petersburg"]
[Date "2015.10.07"]
[Round "5.69"]
[White "Repkin, Alexander"]
[Black "Pushkov, Nikolai"]
[Result "0-1"]
[WhiteElo "2013"]
[BlackElo "2314"]
[PlyCount "82"]
[EventDate "2015.10.03"]
[EventRounds "9"]
[EventCountry "RUS"]

1. Nf3 Nf6 2. d3 d5 3. Nbd2 e6 4. e4 b6 5. c3 Be7 6. Be2 O-O 7. O-O c5 8. Re1
Nc6 9. e5 Nd7 10. d4 a5 11. Bb5 Qc7 12. Nf1 Ba6 13. Bxa6 Rxa6 14. Qe2 Raa8 15.
Bf4 cxd4 16. cxd4 Qb7 17. Rec1 b5 18. h4 Rfc8 19. Be3 a4 20. g3 Na5 21. Rxc8+
Rxc8 22. Rc1 Rxc1 23. Bxc1 Qc6 24. Qd1 Qc4 25. Bd2 Nc6 26. Ne3 Qd3 27. Qc2 Qxc2
28. Nxc2 f6 29. exf6 gxf6 30. Kf1 Kf7 31. Ke2 Nb6 32. b3 axb3 33. axb3 Nc8 34.
Bc3 Nd6 35. Be1 Ne4 36. Nd2 Nc3+ 37. Kd3 Na2 38. g4 e5 39. f3 Nc1+ 40. Ke3 Nxd4
41. Nxd4 Bc5 0-1

[Event "Chigorin Memorial"]
[Site "St Petersburg"]
[Date "2015.10.07"]
[Round "5.70"]
[White "Privorotsky, Oleg"]
[Black "Solovyov, Viktor"]
[Result "0-1"]
[WhiteElo "1985"]
[BlackElo "2312"]
[PlyCount "74"]
[EventDate "2015.10.03"]
[EventRounds "9"]
[EventCountry "RUS"]

1. e4 e5 2. Nf3 Nc6 3. Bb5 a6 4. Ba4 Nf6 5. O-O Be7 6. Re1 b5 7. Bb3 d6 8. c3
O-O 9. d3 Na5 10. Bc2 c5 11. Nbd2 Nc6 12. Nf1 Re8 13. h3 h6 14. Ne3 Bf8 15. a4
Be6 16. d4 exd4 17. cxd4 Nb4 18. Bb1 bxa4 19. d5 Bd7 20. Nc2 a5 21. Na3 Qb6 22.
Bf4 Qa6 23. Nd2 Bb5 24. Nxb5 Qxb5 25. Qxa4 Qxa4 26. Rxa4 Nfxd5 27. Bg3 Nb6 28.
Ra3 a4 29. Rd1 g6 30. b3 axb3 31. Rxb3 Ra1 32. Bc2 Rxd1+ 33. Bxd1 d5 34. Bf3 c4
35. Rc3 Bg7 36. e5 Bxe5 37. Re3 f6 0-1

[Event "Chigorin Memorial"]
[Site "St Petersburg"]
[Date "2015.10.07"]
[Round "5.71"]
[White "Abasheeva, Ksenia"]
[Black "Gogolev, Artem"]
[Result "1-0"]
[WhiteElo "1780"]
[BlackElo "2306"]
[PlyCount "61"]
[EventDate "2015.10.03"]
[EventRounds "9"]
[EventCountry "RUS"]

1. e4 c5 2. Nf3 Nc6 3. d4 cxd4 4. Nxd4 e5 5. Nb5 d6 6. c4 a6 7. N5a3 f5 8. Nc3
Nf6 9. Bd3 f4 10. O-O Bg4 11. Be2 Be6 12. g3 Bh3 13. Re1 fxg3 14. hxg3 Nd4 15.
Nd5 Nxd5 16. exd5 Be7 17. Bh5+ g6 18. Bh6 Qd7 19. c5 Qf5 20. Be2 Nxe2+ 21. Qxe2
Bg4 22. Qe3 Bf3 23. cxd6 e4 24. Nc4 Qh3 25. d7+ Kd8 26. Qb6+ Kxd7 27. Qxb7+ Ke8
28. Qxa8+ Kd7 29. Nb6+ Kd6 30. Qc6+ Ke5 31. Bf4+ 1-0

[Event "Chigorin Memorial"]
[Site "St Petersburg"]
[Date "2015.10.07"]
[Round "5.72"]
[White "Maletin, Pavel"]
[Black "Yakimenko, Viktoria"]
[Result "1-0"]
[WhiteElo "2581"]
[BlackElo "1974"]
[PlyCount "61"]
[EventDate "2015.10.03"]
[EventRounds "9"]
[EventCountry "RUS"]

1. c4 Nf6 2. Nf3 g6 3. Nc3 c5 4. e4 d6 5. d4 Nbd7 6. Be2 cxd4 7. Nxd4 Bg7 8.
O-O O-O 9. Be3 Ne5 10. f3 b6 11. Qd2 Ba6 12. b3 Re8 13. Kh1 h5 14. Bg5 Bb7 15.
Rad1 Kh7 16. f4 Neg4 17. h3 Nh6 18. Bf3 Qc8 19. f5 Rb8 20. Nd5 Bxd5 21. cxd5
gxf5 22. exf5 Rb7 23. Qf4 Qc3 24. Qh4 Rh8 25. Rc1 Qb4 26. Rc4 Qa3 27. Bxh5 b5
28. Rc2 Nxd5 29. Bxf7 Nc7 30. f6 exf6 31. Qe4+ 1-0

[Event "Chigorin Memorial"]
[Site "St Petersburg"]
[Date "2015.10.07"]
[Round "5.73"]
[White "Fraiman, Dmitry"]
[Black "Chekhov, Sergei"]
[Result "1/2-1/2"]
[WhiteElo "2122"]
[BlackElo "2488"]
[PlyCount "191"]
[EventDate "2015.10.03"]
[EventRounds "9"]
[EventCountry "RUS"]

1. e4 d6 2. d4 Nf6 3. Nc3 g6 4. Nf3 Bg7 5. Be3 c6 6. Qd2 Qa5 7. h3 Nbd7 8. Bd3
O-O 9. O-O Re8 10. Rfe1 e5 11. a3 exd4 12. Nxd4 Qc7 13. Nf3 Ne5 14. Be2 Ned7
15. Bd3 Nc5 16. Bf4 Nh5 17. Bh2 Be5 18. Rad1 Nxd3 19. cxd3 Bxh2+ 20. Nxh2 Be6
21. Nf3 Rad8 22. d4 Qe7 23. d5 Bc8 24. e5 dxe5 25. Rxe5 Qf8 26. Rxe8 Qxe8 27.
d6 Qf8 28. Qd4 b6 29. Ne4 Bf5 30. Nf6+ Nxf6 31. Qxf6 Be6 32. Qf4 Bb3 33. Rd2
Bd5 34. Qa4 Qxd6 35. Qxa7 Qc5 36. Qc7 Re8 37. Qf4 Qc1+ 38. Kh2 Bxf3 39. gxf3 c5
40. h4 h5 41. Qh6 c4 42. Kg2 c3 43. bxc3 Qxc3 44. Rd6 b5 45. Qg5 Qc4 46. Qf6
Qc7 47. Rc6 Qd8 48. Qxd8 Rxd8 49. Rc5 Rb8 50. Kg3 Kg7 51. Rc6 Rb7 52. f4 Ra7
53. Rc3 Kf6 54. f3 Ra6 55. Re3 Rd6 56. Re5 Rb6 57. Re3 Ra6 58. Re5 Rxa3 59.
Rxb5 Ra6 60. Rc5 Ke6 61. Rb5 Rd6 62. Ra5 Rd5 63. Ra6+ Rd6 64. Ra5 f6 65. Rb5
Ra6 66. Rc5 Kd6 67. Rb5 Kc6 68. Rb8 Kd5 69. Rg8 f5 70. Re8 Kd4 71. Re7 Kd3 72.
Rb7 Re6 73. Ra7 Ke2 74. Ra2+ Kf1 75. Ra1+ Re1 76. Ra2 Rd1 77. Rb2 Rd6 78. Ra2
Ke1 79. Rb2 Rd2 80. Rb1+ Ke2 81. Ra1 Rd6 82. Ra2+ Ke3 83. Ra3+ Rd3 84. Ra2 Rd6
85. Ra3+ Ke2 86. Ra2+ Rd2 87. Ra1 Rd1 88. Ra2+ Kf1 89. Rf2+ Ke1 90. Ra2 Rd2 91.
Ra1+ Ke2 92. Ra3 Rd3 93. Ra2+ Ke1 94. Ra1+ Ke2 95. Ra2+ Ke3 96. Ra1 1/2-1/2